000 00280nam a22001217a 4500
999 _c13813
_d13813
020 _a9789692102940
082 _a001.42
100 _aDR. M.M.A FEEROZE
245 _aOPERATIONS RESEARCH
260 _aKarachi
_bPARAMOUNT BOOKS (PVT) LTD
_c2021
300 _a274 pages
942 _cBK